00745nas a2200229Ia 4500001002700000003001000027008004100037040002500078041001300103100001500116210001500131222001500146245005100161250001100212260000900223501012300232300001400355362002300369500006300392650004200455700001800497A50/R181-3927 [r000001048]IT-MiCISF161014c99999999xx |||||||||||| ||und|| aIT-MiCISFcIT-MiCISF aITALIANO aBini Nucci aIl delfino aIl delfino 0aSi può rinascere anche dopo mille fallimenti a1a ed. c1982 bCISF - Centro Internazionale Studi Famiglia - Via Giotto, 36 20145 MILANO (non commercial uses only)cCopyright 2016 app. 21-24 a4, lug-ago. [1982] a Tema: tossicodipendenza, famiglia, comunità-terapeutica aemarginazione devianzavtestimonianza a Venzi Giulia